000 00653nam a22001695i 4500
001 155409
003 ES-MaACL
005 20230906210050.0
008 040721q18961900fr |||| | fre d
040 _aCAM
_bspa
_cCAM
100 1 _aHervieu, Paul.
_963430
245 1 3 _aLe petit Duc
_b: figures falotes et figures sombres /
_cPaul Hervieu.
260 _aParis ;
_aNew-York :
_bAlphonse Lemerre éditeur,
_c[s.a.] (
_eImprimerie de Lagny :
_fEmile Colin)
300 _a296 p. ;
_c18 cm.
596 _aEl catálogo de la Library of Congress fecha una ed. de esta obra en 1896.
852 _aES-MaACL
_jG-15850
_z-- Enc. hol. conservando la cub. original
999 _c155409
_d155409